000 00197 a2200097 4500
020 _a9780794503215
041 _aeng
100 _aEmma Helbrough
245 _aUsborne Beginners , Bears
942 _cBK
999 _c11137
_d11137